Criteria for upgrading a municipality as a municipal corporation: An approach (Record no. 102567)

000 -LEADER
fixed length control field 00406pab a2200157 454500
008 - FIXED-LENGTH DATA ELEMENTS--GENERAL INFORMATION
fixed length control field 180718b1974 xxu||||| |||| 00| 0 eng d
100 ## - MAIN ENTRY--PERSONAL NAME
Personal name Rao, G.B. Krishna
245 ## - TITLE STATEMENT
Title Criteria for upgrading a municipality as a municipal corporation: An approach
260 ## - PUBLICATION, DISTRIBUTION, ETC.
Date of publication, distribution, etc. 1974
300 ## - PHYSICAL DESCRIPTION
Extent p.20-24.
362 ## - DATES OF PUBLICATION AND/OR SEQUENTIAL DESIGNATION
Dates of publication and/or sequential designation Jul-Sep
650 ## - SUBJECT ADDED ENTRY--TOPICAL TERM
Topical term or geographic name entry element Local government
773 ## - HOST ITEM ENTRY
Main entry heading Nagarlok
908 ## - PUT COMMAND PARAMETER (RLIN)
Put command parameter N
909 ## -
-- 102569
Holdings
Withdrawn status Lost status Damaged status Not for loan Permanent Location Current Location Date acquired Serial Enumeration / chronology Barcode Date last seen Price effective from Koha item type
        Indian Institute of Public Administration Indian Institute of Public Administration 2018-07-19 Volume no: 6, Issue no: 3 AR103029 2018-07-19 2018-07-19 Articles

Powered by Koha